| 000 | 00693cam a2200229 a 4500 | ||
|---|---|---|---|
| 001 | 000007511 | ||
| 005 | 20200929154208.0 | ||
| 008 | 910401s1988 cu f000 e spa | ||
| 035 | _a(DLC) 91135748 | ||
| 040 |
_aDO-SdBNP _cDLC _dDLC |
||
| 082 |
_aCu864. 44 _bM193p |
||
| 100 | 1 |
_aMaggi, Beatriz, _d1924- _920857 |
|
| 245 | 1 | 3 |
_aEl pequeño drama de la lectura / _cBeatriz Maggi. |
| 260 |
_aLa Habana, (Cuba) : _bLetras Cubanas, _c1988. |
||
| 300 |
_a206 p. ; _c18 cm. |
||
| 490 | 0 |
_aGiraldilla _aEnsayo |
|
| 650 | 4 |
_aEnsayos cubanos _95691 |
|
| 650 | 4 |
_aLiteratura cubana _ySIGLO XX _99186 |
|
| 830 | 0 |
_aGiraldilla, _pEnsayo _920858 |
|
| 910 | _aCatalogación por copia / LC | ||
| 049 | _aBNGR | ||
| 999 |
_c7292 _d7292 |
||